000 00387nam a2200181Ia 4500
003 IT-RoPAU
005 20220918175548.0
008 120407s9999 xx 000 0 und d
040 _aIT-RoPAU
040 _cIT-RoPAU
041 _aita
100 _aGiovanni Fallani
_934879
245 _aCristo - Testimonianze
300 _c cm
490 _v1
942 _cBK
_2ddc
999 _c18792
_d18792